The Investment Property Forum consensus forecasts survey of independent forecasts for UK commercial property investment (Record no. 109160)

MARC details
000 -LEADER
fixed length control field 01255cad a22002295a 4500
001 - CONTROL NUMBER
control field L146399
008 - FIXED-LENGTH DATA ELEMENTS--GENERAL INFORMATION
fixed length control field 090116s2008 xxk f 000 0 eng d
035 ## - SYSTEM CONTROL NUMBER
System control number (Sirsi) u146399
041 0# - LANGUAGE CODE
Language code of text/sound track or separate title eng
050 04 - LIBRARY OF CONGRESS CALL NUMBER
Classification number 333.32 $2 18
110 2# - MAIN ENTRY--CORPORATE NAME
Corporate name or jurisdiction name as entry element Investment Property Forum
9 (RLIN) 2112
245 04 - TITLE STATEMENT
Title The Investment Property Forum consensus forecasts survey of independent forecasts for UK commercial property investment
Remainder of title summary report
Medium [electronic resource]
260 ## - PUBLICATION, DISTRIBUTION, ETC.
Place of publication, distribution, etc. London
Name of publisher, distributor, etc. IPF
Date of publication, distribution, etc. 2008
520 ## - SUMMARY, ETC.
Summary, etc. Summarises the results of the consensus All Property total forecasts for UK commercial property for 2008. Reports that the All Property total return forecast has again fallen sharply from -10.6% to -16.8%. Reveals that the 2009 figure has turned negative for the first time. Suggests that rental and capital growth forecasts have also been revised downwards for all sectors.
521 ## - TARGET AUDIENCE NOTE
Target audience note Advanced
590 ## - LOCAL NOTE (RLIN)
Local note KA
650 24 - SUBJECT ADDED ENTRY--TOPICAL TERM
Topical term or geographic name entry element IPF CONSENSUS FORECAST SURVEY
651 #4 - SUBJECT ADDED ENTRY--GEOGRAPHIC NAME
Geographic name United Kingdom
Chronological subdivision
690 ## - LOCAL SUBJECT ADDED ENTRY--TOPICAL TERM (OCLC, RLIN)
Topical term or geographic name as entry element PROPERTY-COMMERCIAL PROPERTY-COMMERCIAL PROPERTY MARKET
856 40 - ELECTRONIC LOCATION AND ACCESS
Uniform Resource Identifier <a href="https://www.ipf.org.uk/mainwebsite/generalcontent8ffa20e881efb5fc6521db79.aspx?map=eb5ac5da475549fedb91c00e0648968d">https://www.ipf.org.uk/mainwebsite/generalcontent8ffa20e881efb5fc6521db79.aspx?map=eb5ac5da475549fedb91c00e0648968d</a>
Public note View the item free of charge at www.ipf.org.uk...
942 ## - ADDED ENTRY ELEMENTS (KOHA)
Suppress in OPAC 0
Holdings
Withdrawn status Lost status Source of classification or shelving scheme Damaged status Not for loan Home library Current library Shelving location Date acquired Total Checkouts Full call number Barcode Date last seen Copy number Price effective from Koha item type
    Dewey Decimal Classification     Virtual Virtual Online 16/01/2009   ONLINE PUBLICATION 146399-1001 06/08/2019 1 06/08/2019 Book